Adivina las marcas de coches - Estadísticas

Estadísticas generales
  • Esta prueba ha sido intentada 456 veces
  • La puntuación promedio es 8 de 8
Estadísticas de respuestas
Imagen Respuesta % Correcto
Audi
100%
Ferrari
98%
Mercedes
96%
Volvo
96%
Suzuki
94%
Seat
93%
Volkswagen
90%
Skoda
88%
No se encontraron pruebas coincidentes
Distribución de puntuación
Porcentaje de gente con cada puntuación
Porcentaje por número respondido
Historial de tus puntuaciones
No has intentado esta prueba.